000 00774nam a2200205 a 4500
003 0
005 20250225142813.0
008 100827s19uu xx 00 eng d
050 _aPGS PN 1995.9.C4
_b.W553 2010
100 _aWharton, Carl John William Fabian.
245 _aMovie preferences and its consequences /
_cCarl John William Fabian Wharton.
260 _aLas PiƱas City, Philippines :
_bSouthville International School and Colleges,
_c2010.
300 _a22 pages :
_billustrations ;
_c28 cm.
504 _aIncludes bibliographical references.
650 _aMotion pictures
_vPsychological aspects.
650 _aMotion pictures and children.
650 _aInterpersonal relations in children.
650 _aMedia influence on children.
942 _2lcc
_cPASS
999 _c98349
_d98349